| 000 | 00948cam a2200289 4500 | ||
|---|---|---|---|
| 001 | M96552 | ||
| 008 | 090401t1999 xxu||||| |||| 00| 0 eng d | ||
| 035 | _a(Sirsi) u91199 | ||
| 041 | _aeng | ||
| 050 |
_a651.84 _c18 |
||
| 110 |
_aRoyal Institution of Chartered Surveyors _94900 |
||
| 245 |
_aBeating the bug _bguidance for chartered surveyors |
||
| 260 |
_aLondon _bRICS _c1999 |
||
| 300 |
_a36p. _c30cm. |
||
| 350 | _a10 | ||
| 490 | _aRICS Guidance Note | ||
| 520 | _aAims to raise awareness of the potential ramifications of the year 2000 problem for surveyors, as well as providing guidance on how to respond to the problem. | ||
| 520 | _aWithdrawn 1 August 2006 | ||
| 650 | _aMILLENNIUM BUG | ||
| 650 | _aY2K | ||
| 650 | _aYEAR 2000 COMPLIANCE | ||
| 651 |
_aEngland and Wales _y1543- |
||
| 690 | _aMANAGEMENT-BUSINESS MANAGEMENT-INFORMATION MANAGEMENT | ||
| 710 |
_aCameron McKenna _93669 |
||
| 942 | _n0 | ||
| 948 | _c10/02/1999 | ||
| 999 |
_c97621 _d97621 |
||